La importancia de la investigación científica para la agricultura moderna /
Zapisane w:
| 1. autor: | |
|---|---|
| Format: | Texto |
| Hasła przedmiotowe: | |
| Etykiety: |
Dodaj etykietę
Nie ma etykietki, Dołącz pierwszą etykiete!
|
MARC
| LEADER | 00000 a a2200000 04500 | ||
|---|---|---|---|
| 001 | 18316 | ||
| 003 | |||
| 040 | |||
| 100 | |a Wong Vega, Luis | ||
| 245 | |a La importancia de la investigación científica para la agricultura moderna / |c Luis Wong Vega | ||
| 650 | |a AGRICULTURA | ||
| 650 | |a INVESTIGACION | ||
| 773 | |g volumen 5, número 2; páginas 75-84 | ||
| 999 | |c 37472 |d 37472 | ||
